[Event "Capablanca Memorial op 53rd"]
[Site "Havana"]
[Date "2018.05.17"]
[Round "8"]
[White "Diaz Del Valle, Laura Beatriz"]
[Black "Rodriguez Gutierrez, Brayans"]
[Result "0-1"]
[WhiteElo "2033"]
[BlackElo "2150"]
[PlyCount "102"]
[EventDate "2018.05.09"]
[EventType "swiss"]
[EventRounds "10"]
[EventCountry "CUB"]
[SourceTitle "EXT 2021"]
[Source "ChessBase"]
[SourceDate "2020.10.23"]
[SourceVersion "1"]
[SourceVersionDate "2020.10.23"]
[SourceQuality "1"]

1. d4 e6 2. c4 Nf6 3. Nc3 Bb4 4. Qc2 0-0 5. e4 d6 6. Bd3 Nbd7 7. a3 Bxc3+ 8. Qxc3 e5 9. d5 Nc5 10. Qc2 a5 11. Be3 Nxd3+ 12. Qxd3 Ng4 13. f3 Nxe3 14. Qxe3 f5 15. 0-0-0 fxe4 16. fxe4 Bg4 17. Nf3 Bxf3 18. gxf3 Qh4 19. Rdf1 b6 20. Rf2 Rf4 21. Rg1 Raf8 22. Rg3 Kh8 23. Kd2 g5 24. Rfg2 h6 25. Ke2 Qh5 26. Rg4 Rxg4 27. fxg4 Qg6 28. Rf2 Rxf2+ 29. Kxf2 Qf6+ 30. Ke2 Kg7 31. b4 axb4 32. axb4 Qf4 33. h3 Qh2+ 34. Kd1 Qg2 35. Qd3 h5 36. Qe3 Kh6 37. c5 bxc5 38. bxc5 hxg4 39. cxd6 cxd6 40. hxg4 Qxg4+ 41. Ke1 Qg2 42. Kd1 Kh5 43. Qa3 Qg4+ 44. Kd2 Qd7 45. Ke1 g4 46. Kf2 Qf7+ 47. Kg2 Qf3+ 48. Qxf3 gxf3+ 49. Kxf3 Kh4 50. Kf2 Kg4 51. Ke3 Kg3 0-1

[Event "CUB-ch U18"]
[Site "Camaguey"]
[Date "2017.06.26"]
[Round "9.6"]
[White "Rodriguez Gutierrez, Brayans"]
[Black "Marrero Castellanos, Roisbel"]
[Result "0-1"]
[WhiteElo "2139"]
[BlackElo "2318"]
[PlyCount "94"]
[EventDate "2017.06.21"]
[EventType "swiss"]
[EventRounds "9"]
[EventCountry "CUB"]
[SourceTitle "EXT 2023"]
[Source "ChessBase"]
[SourceDate "2022.10.05"]
[SourceVersion "1"]
[SourceVersionDate "2022.10.05"]
[SourceQuality "1"]

1. d4 Nf6 2. c4 e6 3. Nc3 Bb4 4. e3 0-0 5. Nge2 Re8 6. a3 Bf8 7. Ng3 c5 8. Be2 cxd4 9. exd4 d5 10. cxd5 Nxd5 11. 0-0 Nc6 12. Bf3 Nce7 13. Re1 Bd7 14. Bg5 Qa5 15. Bd2 Qb6 16. Nxd5 Nxd5 17. Bxd5 exd5 18. Bc3 g6 19. Qd2 Qf6 20. Re5 Be6 21. Rae1 Rec8 22. Nh1 Bd6 23. R5e2 h5 24. f3 h4 25. Rf2 Rc4 26. g3 Kg7 27. f4 Rh8 28. Re3 Rcc8 29. Qe2 Qf5 30. Qd3 Qg4 31. Qe2 hxg3 32. Nxg3 Rh4 33. Qxg4 Rxg4 34. Ref3 Bd7 35. Kg2 Kf6 36. h3 Rh4 37. f5 g5 38. Bd2 Rch8 39. Nf1 g4 40. Rb3 gxh3+ 41. Kh1 Bc6 42. Nh2 Rg8 43. Rbf3 Rg2 44. Bf4 Rxf4 45. Rxf4 Bxf4 46. Rxf4 Rxb2 47. Rf3 Rb1+ 0-1